Film più veloci a raggiungere un Miliardo di incassi - Statistics

Statistiche generali
  • Questo quiz è stato fatto 8 volte
  • Il punteggio medio è 8 su 10
Statistiche sulle risposte
Giorni per il miliardo di incasso Data del miliardo di incasso Film % Corretto
5 28 aprile 2019 Avengers: Endgame
100%
11 5 maggio 2018 Avengers: Infinity War
100%
12 26 dicembre 2021 Spider-Man: No Way Home
100%
14 27 dicembre 2022 Avatar: La via dell'acqua
83%
19 6 agosto 2023 Barbie
83%
17 17 aprile 2015 Fast & Furious 7
67%
18 29 aprile 2017 Fast & Furious 8
67%
13 22 giugno 2015 Jurassic World
67%
19 31 dicembre 2017 Star Wars: Gli ultimi Jedi
50%
12 27 dicembre 2015 Star Wars: Il risveglio della Forza
50%
Nessun quiz corrispondente trovato
Distribuzione punteggi
Percentuale di utenti per punteggio
Percentile per numero di risposta
I tuoi punteggi nel tempo
Non hai fatto questo quiz